Poverty and the environment understanding linkages at the household level

Na minha lista:
Detalhes bibliográficos
Formato: Livro
Idioma:inglês
Publicado em: Washington, D.C. <The> World Bank 2008
Colecção:Environment and development
Assuntos:
Tags: Adicionar Tag
Sem tags, seja o primeiro a adicionar uma tag!

MARC

LEADER 00000nam$a2200000$$$4500
001 0072481
005 20240315115609.4
020 |a 978-0-8213-7223-4 
041 0 |a eng 
044 |a US 
245 1 0 |a Poverty and the environment  |b understanding linkages at the household level 
264 1 |a Washington, D.C.  |b <The> World Bank  |c 2008 
300 |a 78 s. 
490 1 |a Environment and development 
830 0 |a Environment and development 
610 2 0 |a chudoba 
610 2 0 |a chudoba 
610 2 0 |a úroveň životná 
610 2 0 |a domácnosti 
610 2 0 |a krajiny rozvojové 
610 2 0 |a úmrtnosť 
610 2 0 |a ukazovatele 
610 2 0 |a prostredie životné 
610 2 0 |a manažment 
610 2 0 |a zdroje prírodné 
610 2 0 |a riadenie 
610 2 0 |a redukcia chudoby 
610 2 0 |a zdravie 
610 2 0 |a politika 
610 2 0 |a reformy 
610 2 0 |a programy rozvojové